| 000 | 01534nam0a2200385 4500 | ||
|---|---|---|---|
| 001 | RU\NLR\bibl\214588 | ||
| 005 | 20260406003638.0 | ||
| 010 |
_a5-89815-061-7 _95000 |
||
| 020 |
_aRU _b01-26351 _9Книжная летопись |
||
| 021 |
_aRU _b2001-7350 _9356 |
||
| 035 | _a(NLR Aleph) 000210728 | ||
| 090 |
_a1223133 _c1223133 |
||
| 100 | _a20011206d2000 |||y0rusy50 ca | ||
| 101 | 0 |
_arus _aeng |
|
| 102 | _aRU | ||
| 105 | _aa ||||||||| | ||
| 200 | 1 |
_aEnergy is the source of life _eПособие по англ. яз. для сред. спец. техн. учеб. заведений _fИ. П. Куклина |
|
| 210 |
_aСПб. _cКАРО _d2000 |
||
| 215 |
_a507,[1] с. _cил. _d21 |
||
| 225 | 1 | _aАнглийский язык для студентов | |
| 300 | _aНа обл. авт. не указан | ||
| 320 | _aБиблиогр.: с. 506 (11 назв.) | ||
| 606 | 0 |
_aАнглийский язык _jУчебные издания для среднего профессионального образования _9972309 _3RU\NLR\auth\6646032 |
|
| 610 | 0 | _aАнглийский язык | |
| 675 |
_a811.111(075.8) _v3 _zrus |
||
| 686 |
_a81.2Англ-923 _2rubbk |
||
| 686 | _aШ143.21-93рус227 | ||
| 700 | 1 |
_4070 _8rus _7ca _aКуклина _bИ. П. _gИрина Петровна _3RU\NLR\auth\77113165 _996090 |
|
| 801 | 0 |
_aRU _bRKP _c20011206 _gPSBO |
|
| 801 | 1 |
_aRU _bRKP _c20011206 |
|
| 801 | 2 |
_aRU _bNLR _c20120622 _grcr |
|
| 830 | _aАвт. по кн. | ||
| 942 | _cBOOK | ||
| 980 | _aNB | ||